000 00662nam a2200241Ia 4500
001 dia_7045
003 CHAP
008 220117s2012 xx 000 0 und d
010 _a178298
040 _cCHAP
090 _aF 380 2012
100 _aNoriega Altamirano, Gerardo
_981734
245 _aElaboración de composta /
_c Gerardo Noriega Altamirano...[et al.]
260 _aMéxico :
_b UACh. Campo Agrícola Experimental,
_c2012
300 _a39 p.
504 _aBibliografía: p. 38-39
901 _aF 380 2012
902 _aM
905 _a0000002012 MX 0000000000SPA00
942 _c12
942 _c12
999 _c178298
_d178298